[Event "Mexican op 69th"]
[Site "Mexico City"]
[Date "2024.03.30"]
[Round "8"]
[White "Berdayes Ason, Dylan Isidro"]
[Black "Mitkov, Nikola"]
[Result "1-0"]
[WhiteElo "2505"]
[BlackElo "2373"]
[PlyCount "101"]
[EventDate "2024.03.26"]
[EventType "swiss"]
[EventRounds "9"]
[EventCountry "MEX"]
[SourceTitle "CB14_2024"]
[SourceDate "2024.04.01"]
[SourceVersion "1"]
[SourceVersionDate "2024.04.01"]
[SourceQuality "1"]

1. e4 e5 2. Nf3 Nc6 3. Bc4 Nf6 4. d3 h6 5. 0-0 d6 6. a4 g6 7. Nc3 Bg7 8. h3 0-0 9. Be3 Kh7 10. Re1 Bd7 11. a5 a6 12. d4 exd4 13. Nxd4 Nxd4 14. Bxd4 Bc6 15. Bb3 Rb8 16. Qd2 Nd7 17. Nd5 Bxd5 18. Bxd5 Bxd4 19. Qxd4 Qf6 20. Qb4 Kg7 21. Ra3 Qe5 22. Qc3 Nf6 23. Ba2 Rbe8 24. Rb3 Qxc3 25. Rxc3 Re7 26. f3 Ne8 27. Kf2 Re5 28. b4 h5 29. h4 Re7 30. Bd5 c6 31. Bb3 Nf6 32. Rd3 Ne8 33. c3 Rh8 34. Rd4 Kf8 35. Bc2 Rg8 36. Re2 g5 37. Re1 g4 38. f4 Rh8 39. c4 Rh6 40. Red1 c5 41. bxc5 dxc5 42. Rd8 b5 43. Rc8 Rc7 44. Rdd8 Rxc8 45. Rxc8 Ke7 46. cxb5 axb5 47. Rxc5 b4 48. Bd3 Nd6 49. e5 Ne8 50. a6 Rh8 51. a7 1-0

[Event "Mexican op 69th"]
[Site "Mexico City"]
[Date "2024.03.28"]
[Round "4"]
[White "Berdayes Ason, Dylan Isidro"]
[Black "Tamame Soria, Cesar Manuel"]
[Result "1-0"]
[WhiteElo "2505"]
[BlackElo "2227"]
[PlyCount "93"]
[EventDate "2024.03.26"]
[EventType "swiss"]
[EventRounds "9"]
[EventCountry "MEX"]
[SourceTitle "CB14_2024"]
[SourceDate "2024.04.01"]
[SourceVersion "1"]
[SourceVersionDate "2024.04.01"]
[SourceQuality "1"]

1. e4 c5 2. Nf3 d6 3. d4 cxd4 4. Nxd4 Nf6 5. Nc3 g6 6. Be3 a6 7. f3 e5 8. Nb3 Be6 9. Qd2 h5 10. Nd5 Bxd5 11. exd5 Bg7 12. 0-0-0 Nbd7 13. Kb1 Qc7 14. Be2 0-0 15. g4 a5 16. g5 Nh7 17. a4 Nb6 18. Bb5 Nc4 19. Qe2 Nxe3 20. Qxe3 Rfd8 21. Nd2 Nf8 22. Ne4 Nd7 23. Rd3 Nc5 24. Rc3 b6 25. Rc4 Qe7 26. Nd2 Ra7 27. Rf1 Rb8 28. c3 Rba8 29. Ka2 Kh7 30. Re1 Qd8 31. Ne4 Rc8 32. h4 Nxe4 33. Rxe4 Bh8 34. Qf2 f5 35. gxf6 Bxf6 36. Bd3 Rg7 37. Rg1 Rc5 38. c4 Qd7 39. Qc2 Rc8 40. f4 Kh6 41. fxe5 dxe5 42. Re2 Rcg8 43. Reg2 Qe8 44. Kb1 Kh7 45. Qe2 e4 46. Bxe4 Qe5 47. Rg5 1-0

[Event "CUB-ch 60th"]
[Site "Holguin"]
[Date "2024.02.06"]
[Round "2"]
[White "Berdayes Ason, Dylan Isidro"]
[Black "Perez Rodriguez, Cesar Alejandro"]
[Result "1-0"]
[WhiteElo "2501"]
[BlackElo "2331"]
[PlyCount "81"]
[EventDate "2024.02.05"]
[EventType "swiss"]
[EventRounds "10"]
[EventCountry "CUB"]
[SourceTitle "CB10_2024"]
[SourceDate "2024.03.06"]
[SourceVersion "1"]
[SourceVersionDate "2024.03.06"]
[SourceQuality "1"]

1. d4 Nf6 2. c4 c5 3. d5 e6 4. Nc3 exd5 5. cxd5 d6 6. e4 g6 7. Be2 Bg7 8. Nf3 0-0 9. Be3 Bg4 10. Nd2 Bxe2 11. Qxe2 Nbd7 12. 0-0 a6 13. a4 Rb8 14. h3 Re8 15. a5 Qe7 16. Rfe1 Nh5 17. g4 Nhf6 18. f3 h5 19. Kg2 hxg4 20. hxg4 Ne5 21. Bf4 Nfd7 22. Bg3 Nf8 23. f4 Ned7 24. Nf3 Qd8 25. e5 dxe5 26. f5 b6 27. Ne4 Nf6 28. Bh4 bxa5 29. Rad1 Nxd5 30. Bxd8 Nf4+ 31. Kf2 Nxe2 32. Bc7 Nf4 33. Bxb8 Rxb8 34. f6 Rxb2+ 35. Kf1 Bh8 36. Rd8 N4e6 37. Ra8 g5 38. Nxe5 Rh2 39. Nd7 Rh4 40. Nexc5 Rh1+ 41. Kf2 1-0

[Event "Carlos Torre Memorial op 33rd"]
[Site "Merida"]
[Date "2023.12.15"]
[Round "2"]
[White "Berdayes Ason, Dylan Isidro"]
[Black "Griffith, Kyron"]
[Result "0-1"]
[WhiteElo "2509"]
[BlackElo "2335"]
[PlyCount "66"]
[EventDate "2023.12.15"]
[EventType "swiss"]
[EventRounds "9"]
[EventCountry "MEX"]
[SourceTitle "CB52_2023"]
[SourceDate "2023.12.27"]
[SourceVersion "1"]
[SourceVersionDate "2023.12.27"]
[SourceQuality "1"]

1. d4 Nf6 2. c4 e6 3. Nc3 Bb4 4. e3 0-0 5. Bd2 c5 6. a3 Bxc3 7. Bxc3 Ne4 8. Ne2 b6 9. d5 Ba6 10. b3 b5 11. Qc2 exd5 12. cxd5 Nxc3 13. Nxc3 b4 14. Bxa6 Nxa6 15. axb4 Nxb4 16. Qd2 d6 17. 0-0 Re8 18. e4 a6 19. f3 Qf6 20. Ra4 Rab8 21. Na2 Nxa2 22. Qxa2 Qc3 23. Rxa6 Rxb3 24. Qa4 Reb8 25. Rxd6 Qe3+ 26. Kh1 Qd3 27. Qa1 h5 28. Rg1 c4 29. Qa5 c3 30. Rd8+ Kh7 31. d6 R8b5 32. Qc7 Rb1 33. h4 Qe3 0-1

[Event "Carlos Torre Memorial op 33rd"]
[Site "Merida"]
[Date "2023.12.15"]
[Round "1"]
[White "Kaufman, Raymond"]
[Black "Berdayes Ason, Dylan Isidro"]
[Result "0-1"]
[WhiteElo "2153"]
[BlackElo "2509"]
[PlyCount "122"]
[EventDate "2023.12.15"]
[EventType "swiss"]
[EventRounds "9"]
[EventCountry "MEX"]
[SourceTitle "CB52_2023"]
[SourceDate "2023.12.27"]
[SourceVersion "1"]
[SourceVersionDate "2023.12.27"]
[SourceQuality "1"]

1. d4 Nf6 2. Nf3 d5 3. c4 e6 4. Nc3 Bb4 5. cxd5 exd5 6. Bg5 h6 7. Bxf6 Qxf6 8. Rc1 c6 9. a3 Bxc3+ 10. Rxc3 0-0 11. Ne5 Na6 12. e3 Nc7 13. Be2 Bf5 14. 0-0 Qe7 15. Bd3 Bxd3 16. Qxd3 Nb5 17. Rc2 Nd6 18. f3 Rfe8 19. Re2 Rad8 20. e4 dxe4 21. fxe4 c5 22. Ng4 Nxe4 23. d5 h5 24. Rfe1 f5 25. Nf2 Qf7 26. Nxe4 fxe4 27. Rxe4 Rxe4 28. Rxe4 Rxd5 29. Re8+ Qxe8 30. Qxd5+ Kh7 31. Kf2 b6 32. h4 Qg6 33. b3 Qf6+ 34. Kg3 Kg6 35. Qe4+ Qf5 36. Qe8+ Kh7 37. Kh2 Qf4+ 38. g3 Qf2+ 39. Kh1 Qf5 40. Kh2 Qd5 41. a4 Qf3 42. Qe6 Qf2+ 43. Kh3 Qf6 44. Qe4+ g6 45. Qb7+ Kh6 46. Qb8 Qg7 47. Qd8 Kh7 48. Qd5 Qe7 49. Kg2 Kg7 50. Qf3 Qf7 51. Qe3 Qd5+ 52. Kh2 Kf7 53. Qf4+ Ke6 54. Qb8 Qd2+ 55. Kg1 Qd7 56. Qg8+ Kf5 57. Kg2 Qe6 58. Qb8 Qe4+ 59. Kh2 Kg4 60. Qxa7 Qe2+ 61. Kg1 Qe1+ 0-1

[Event "Iberoamerican-ch 9th"]
[Site "Panama City"]
[Date "2023.12.02"]
[Round "9"]
[White "Almedina Ortiz, Edgardo J"]
[Black "Berdayes Ason, Dylan Isidro"]
[Result "0-1"]
[WhiteElo "2158"]
[BlackElo "2507"]
[PlyCount "90"]
[EventDate "2023.11.25"]
[EventType "swiss"]
[EventRounds "9"]
[EventCountry "PAN"]
[SourceTitle "CB49_2023"]
[SourceDate "2023.12.06"]
[SourceVersion "1"]
[SourceVersionDate "2023.12.06"]
[SourceQuality "1"]

1. d4 d5 2. Bf4 Nf6 3. e3 c5 4. dxc5 e6 5. b4 a5 6. c3 Bd7 7. Nd2 axb4 8. cxb4 b6 9. cxb6 Qxb6 10. a3 Nc6 11. Ngf3 Nh5 12. Be5 Nxe5 13. Nxe5 Nf6 14. Nxd7 Nxd7 15. Be2 Bd6 16. 0-0 0-0 17. Qb3 Be5 18. Rac1 Rfb8 19. Rfd1 Qa7 20. Nb1 g6 21. g3 Nc5 22. Qc2 Na4 23. Qb3 h5 24. Rc6 h4 25. Qc2 Qe7 26. Kg2 Kg7 27. Rc1 Rh8 28. f4 Bb2 29. Rd1 hxg3 30. hxg3 Bf6 31. Rc7 Qf8 32. Rh1 Rxh1 33. Kxh1 Nb2 34. Kg2 Nc4 35. Bxc4 dxc4 36. Qxc4 Qd8 37. Kf2 Qd1 38. Qxe6 Rf8 39. Qa2 Qh1 40. Nd2 Qh2+ 41. Kf3 g5 42. fxg5 Be5 43. Rc2 Qxg3+ 44. Ke2 Qg4+ 45. Kf1 Rh8 0-1

[Event "Iberoamerican-ch 9th"]
[Site "Panama City"]
[Date "2023.11.29"]
[Round "6"]
[White "Berdayes Ason, Dylan Isidro"]
[Black "Esmeraldas Huachi, Anderson Yahir"]
[Result "1-0"]
[WhiteElo "2507"]
[BlackElo "2120"]
[PlyCount "105"]
[EventDate "2023.11.25"]
[EventType "swiss"]
[EventRounds "9"]
[EventCountry "PAN"]
[SourceTitle "CB49_2023"]
[SourceDate "2023.12.06"]
[SourceVersion "1"]
[SourceVersionDate "2023.12.06"]
[SourceQuality "1"]

1. e4 c5 2. Nf3 d6 3. d4 cxd4 4. Nxd4 Nf6 5. Nc3 a6 6. Be3 e5 7. Nb3 Be7 8. f3 Be6 9. Qd2 0-0 10. 0-0-0 b5 11. g4 Qc7 12. g5 Nh5 13. Kb1 Nd7 14. Nd5 Bxd5 15. exd5 Nb6 16. Na5 Nxd5 17. Qxd5 Qxa5 18. Bd3 g6 19. Qb7 Qd8 20. Be4 Rc8 21. Qxa6 Qd7 22. Rhg1 Nf4 23. Bxf4 exf4 24. Qb6 Rb8 25. Qd4 Qh3 26. Qa7 Qe6 27. h4 Rfd8 28. Rge1 Qd7 29. Qd4 Bf8 30. Qf6 Bg7 31. Qxf4 Be5 32. Qe3 Re8 33. h5 Qh3 34. Rh1 Qg3 35. Rdg1 Qf4 36. Qb3 Kf8 37. hxg6 hxg6 38. a3 Bg7 39. Rg4 Qd2 40. c3 Re5 41. Rd1 Qe3 42. Rxd6 b4 43. Rd7 Re7 44. Rxe7 Kxe7 45. axb4 Rh8 46. Qa3 Rh1+ 47. Ka2 Be5 48. Bd5 Kf8 49. f4 Qd3 50. Qa8+ Kg7 51. Bxh1 Qc4+ 52. Ka3 Bxc3 53. bxc3 1-0

[Event "Iberoamerican-ch 9th"]
[Site "Panama City"]
[Date "2023.11.27"]
[Round "4"]
[White "Berdayes Ason, Dylan Isidro"]
[Black "Zambrana, Oswaldo"]
[Result "1/2-1/2"]
[WhiteElo "2507"]
[BlackElo "2400"]
[PlyCount "111"]
[EventDate "2023.11.25"]
[EventType "swiss"]
[EventRounds "9"]
[EventCountry "PAN"]
[SourceTitle "CB49_2023"]
[SourceDate "2023.12.06"]
[SourceVersion "1"]
[SourceVersionDate "2023.12.06"]
[SourceQuality "1"]

1. d4 e6 2. c4 d5 3. Nc3 h6 4. Nf3 Nf6 5. Bf4 Bd6 6. Bxd6 Qxd6 7. e3 0-0 8. c5 Qe7 9. Be2 Nbd7 10. 0-0 c6 11. b4 b6 12. Qc2 a5 13. a3 Bb7 14. e4 dxe4 15. Nxe4 Nxe4 16. Qxe4 Nf6 17. Qc2 Ba6 18. Ne5 Bxe2 19. Qxe2 Qc7 20. Nc4 bxc5 21. bxc5 Nd7 22. Rfb1 Rfb8 23. g3 a4 24. Qc2 e5 25. dxe5 Nxc5 26. Rxb8+ Rxb8 27. Nd6 Nb3 28. Rd1 c5 29. Qc4 Qe7 30. Re1 Qe6 31. Qe4 Nd4 32. Rc1 Qh3 33. Nc4 Rb3 34. Nd2 Rb2 35. Rb1 Rxb1+ 36. Nxb1 Qe6 37. Nc3 Qb3 38. Qa8+ Kh7 39. Nxa4 Qxa3 40. Qe4+ Kh8 41. Qa8+ Kh7 42. Kg2 Ne6 43. Qe4+ g6 44. Nb6 Qb4 45. Nc4 Kg7 46. h4 h5 47. Qd5 Nc7 48. Qd3 Qb7+ 49. Qf3 Qd5 50. Qxd5 Nxd5 51. Kf3 f6 52. Ke4 Nc3+ 53. Kd3 Nd5 54. f4 fxe5 55. Nxe5 Ne7 56. g4 1/2-1/2

[Event "Che CUB vs Kerala Blitz"]
[Site "Thiruvananthapuram"]
[Date "2023.11.18"]
[Round "4.4"]
[White "Berdayes Ason, Dylan Isidro"]
[Black "Nimmy, A George"]
[Result "1-0"]
[WhiteElo "2507"]
[BlackElo "2129"]
[PlyCount "107"]
[EventDate "2023.11.18"]
[EventType "schev (blitz)"]
[EventRounds "8"]
[EventCountry "IND"]
[SourceTitle "CB47_2023"]
[SourceDate "2023.11.22"]
[SourceVersion "1"]
[SourceVersionDate "2023.11.22"]
[SourceQuality "1"]
[WhiteTeam "Cuba"]
[BlackTeam "Kerala"]
[WhiteTeamCountry "CUB"]
[BlackTeamCountry "IND"]

1. d4 d5 2. c4 c6 3. Nf3 Nf6 4. Qb3 dxc4 5. Qxc4 Bf5 6. g3 e6 7. Bg2 Be7 8. 0-0 Nbd7 9. e3 0-0 10. Rd1 Qc7 11. Nc3 Ne4 12. Nd2 Nxd2 13. Bxd2 e5 14. Nd5 Qd8 15. Nxe7+ Qxe7 16. e4 Bg4 17. f3 Be6 18. Qb4 Qxb4 19. Bxb4 Rfe8 20. Bc3 exd4 21. Rxd4 Nb6 22. b3 Rad8 23. Rad1 Rxd4 24. Rxd4 f6 25. Kf2 Kf7 26. g4 Nd7 27. Bf1 Ke7 28. h4 Ne5 29. Bb4+ Kf7 30. h5 b6 31. Bc3 c5 32. Rd2 Ke7 33. Be2 Rd8 34. Rxd8 Kxd8 35. Kg3 h6 36. f4 Nc6 37. g5 Ke7 38. gxf6+ gxf6 39. f5 Bf7 40. Bd2 Nd4 41. Bd1 b5 42. Bxh6 c4 43. bxc4 bxc4 44. Bd2 Nb5 45. Bb4+ Ke8 46. h6 Bg8 47. Bh5+ Kd7 48. Bf7 Bh7 49. Bxc4 Nd6 50. Bxd6 Kxd6 51. Kf4 Kc5 52. Bf7 Kd4 53. Bg6 Bg8 54. h7 1-0

[Event "Che CUB vs Kerala Rapid"]
[Site "Thiruvananthapuram"]
[Date "2023.11.17"]
[Round "2.1"]
[White "Berdayes Ason, Dylan Isidro"]
[Black "Narayanan, Sunilduth Lyna"]
[Result "1-0"]
[WhiteElo "2507"]
[BlackElo "2668"]
[PlyCount "117"]
[EventDate "2023.11.17"]
[EventType "schev (rapid)"]
[EventRounds "4"]
[EventCountry "IND"]
[SourceTitle "CB47_2023"]
[SourceDate "2023.11.22"]
[SourceVersion "1"]
[SourceVersionDate "2023.11.22"]
[SourceQuality "1"]
[WhiteTeam "Cuba"]
[BlackTeam "Kerala"]
[WhiteTeamCountry "CUB"]
[BlackTeamCountry "IND"]

1. e4 c5 2. Nf3 e6 3. d4 cxd4 4. Nxd4 a6 5. c4 Nf6 6. Nc3 Bb4 7. Qd3 d6 8. Nc2 Bxc3+ 9. Qxc3 0-0 10. Bd3 Nbd7 11. 0-0 b5 12. cxb5 axb5 13. Be3 Bb7 14. f3 Rc8 15. Qd2 d5 16. exd5 Nxd5 17. Bf2 Qf6 18. Nd4 b4 19. Be4 Ne5 20. b3 Ba6 21. Rfe1 Nf4 22. Bg3 Ned3 23. Bxf4 Nxf4 24. Qxb4 g6 25. Rad1 e5 26. Nc2 Qg5 27. g3 Ne2+ 28. Kg2 Nc3 29. Rd6 Rfd8 30. Ne3 Rxd6 31. Qxd6 Bb5 32. h4 Qd8 33. Qxd8+ Rxd8 34. a4 Rd2+ 35. Kh3 Bd7+ 36. g4 h5 37. Nc4 hxg4+ 38. fxg4 Rd4 39. Nxe5 Be6 40. Bf3 Bxb3 41. Re3 Rxa4 42. Rxc3 Be6 43. Kg3 Kg7 44. g5 Ra7 45. Ng4 Bxg4 46. Bxg4 f6 47. Rc6 Ra3+ 48. Bf3 fxg5 49. hxg5 Ra5 50. Rc7+ Kf8 51. Kf4 Rf5+ 52. Kg4 Re5 53. Rc4 Kg7 54. Be4 Re7 55. Rb4 Re6 56. Kf4 Kf8 57. Rb8+ Kg7 58. Rb7+ Kh8 59. Rc7 1-0

[Event "Velez op 10th"]
[Site "Velez Santander"]
[Date "2023.11.04"]
[Round "7"]
[White "Berdayes Ason, Dylan Isidro"]
[Black "Borges Matos, Juan R"]
[Result "1/2-1/2"]
[WhiteElo "2507"]
[BlackElo "2407"]
[PlyCount "58"]
[EventDate "2023.11.01"]
[EventType "swiss"]
[EventRounds "10"]
[EventCountry "COL"]
[SourceTitle "Mega2024 Update 01"]
[Source "Chessbase"]
[SourceDate "2023.11.12"]
[SourceVersion "1"]
[SourceVersionDate "2023.11.12"]
[SourceQuality "1"]

1. e4 c5 2. Nf3 d6 3. d4 cxd4 4. Nxd4 Nf6 5. Nc3 Nc6 6. Bg5 e6 7. Qd2 Be7 8. 0-0-0 0-0 9. h4 Nxd4 10. Qxd4 Bd7 11. Kb1 Qa5 12. Qd2 Kh8 13. f3 Bc6 14. Bd3 Rad8 15. h5 Rfe8 16. h6 g6 17. Qf4 Qe5 18. Qh4 Ng8 19. Bxe7 Rxe7 20. f4 Qc5 21. g4 f6 22. Qg3 b5 23. Ne2 e5 24. fxe5 Qxe5 25. Qf2 Bxe4 26. Bxe4 Qxe4 27. Nc3 Qxg4 28. Nxb5 Qb4 29. Nd4 Qb6 1/2-1/2

[Event "Velez op 10th"]
[Site "Velez Santander"]
[Date "2023.11.02"]
[Round "4"]
[White "Strikovic, Aleksa"]
[Black "Berdayes Ason, Dylan Isidro"]
[Result "0-1"]
[WhiteElo "2455"]
[BlackElo "2507"]
[PlyCount "40"]
[EventDate "2023.11.01"]
[EventType "swiss"]
[EventRounds "10"]
[EventCountry "COL"]
[SourceTitle "Mega2024 Update 01"]
[Source "Chessbase"]
[SourceDate "2023.11.12"]
[SourceVersion "1"]
[SourceVersionDate "2023.11.12"]
[SourceQuality "1"]

1. c4 e5 2. Nc3 Nf6 3. Nf3 Nc6 4. d4 exd4 5. Nxd4 Bb4 6. g3 0-0 7. Bg2 Bxc3+ 8. bxc3 Ne5 9. c5 Qe7 10. Nb3 Rb8 11. 0-0 b6 12. e4 Ba6 13. Re1 bxc5 14. f4 Nd3 15. Re3 Nxc1 16. Rxc1 d6 17. e5 Nd7 18. Na5 Rb2 19. Nc6 Qe6 20. Bd5 Qh3 0-1

[Event "Velez op 10th"]
[Site "Velez Santander"]
[Date "2023.11.01"]
[Round "1"]
[White "Berdayes Ason, Dylan Isidro"]
[Black "Ayala Delgado, Sergio Alejandro"]
[Result "1-0"]
[WhiteElo "2507"]
[BlackElo "2066"]
[PlyCount "167"]
[EventDate "2023.11.01"]
[EventType "swiss"]
[EventRounds "10"]
[EventCountry "COL"]
[SourceTitle "Mega2024 Update 01"]
[Source "Chessbase"]
[SourceDate "2023.11.12"]
[SourceVersion "1"]
[SourceVersionDate "2023.11.12"]
[SourceQuality "1"]

1. d4 d5 2. c4 e6 3. Nc3 Nf6 4. cxd5 exd5 5. Bg5 c6 6. e3 Bd6 7. Bd3 0-0 8. Nf3 Re8 9. 0-0 Bg4 10. Qb3 b6 11. Qc2 h6 12. Bh4 Nbd7 13. Nd2 Bh5 14. Rae1 Qc7 15. Bg3 Bxg3 16. hxg3 Qd6 17. Rc1 c5 18. dxc5 bxc5 19. Bf5 a6 20. Na4 c4 21. b3 cxb3 22. Nxb3 Ne5 23. Nd4 Nc4 24. Nb2 Nxb2 25. Qxb2 Rab8 26. Qc3 Bg4 27. Bd3 Bd7 28. Rb1 Ng4 29. Be2 Rxb1 30. Rxb1 Nf6 31. Qa5 Bc8 32. Rc1 Ne4 33. Bf3 Qe5 34. Bxe4 Qxe4 35. Qb6 h5 36. Rc7 h4 37. gxh4 Qxh4 38. Qc6 Qd8 39. Ra7 Rf8 40. Ra8 g6 41. Qc5 Kg7 42. Qc3 Kg8 43. Qc5 Kg7 44. Nc6 Qf6 45. Qd4 Qxd4 46. Nxd4 Bb7 47. Ra7 Rb8 48. Kh2 Kf6 49. Nb3 Bc8 50. Rc7 Be6 51. Rc6 a5 52. Ra6 Rb5 53. Kg3 Ke5 54. Nxa5 Ke4 55. Nc6 Rb2 56. Nd4 Ke5 57. a4 Ra2 58. a5 Bc8 59. Nf3+ Ke4 60. Ra8 Bb7 61. Ra7 Bc8 62. Ng5+ Kd3 63. Nxf7 Ra4 64. Ne5+ Ke2 65. Rc7 Bf5 66. Rc5 d4 67. exd4 Rxd4 68. a6 Ra4 69. Rc6 g5 70. f3 Ke1 71. Rb6 Ra2 72. Ng4 Bd3 73. Re6+ Be2 74. Re5 Kf1 75. Nh2+ Kg1 76. a7 Bf1 77. Nxf1 Rxg2+ 78. Kh3 Ra2 79. Ng3 Rxa7 80. Rxg5 Kf2 81. Kg4 Ra3 82. Rf5 Kg2 83. Ne4 Ra4 84. Re5 1-0

[Event "Velez op 10th"]
[Site "Velez Santander"]
[Date "2023.11.01"]
[Round "2"]
[White "Garcia Carey, Osmel"]
[Black "Berdayes Ason, Dylan Isidro"]
[Result "0-1"]
[WhiteElo "2249"]
[BlackElo "2507"]
[PlyCount "112"]
[EventDate "2023.11.01"]
[EventType "swiss"]
[EventRounds "10"]
[EventCountry "COL"]
[SourceTitle "Mega2024 Update 01"]
[Source "Chessbase"]
[SourceDate "2023.11.12"]
[SourceVersion "1"]
[SourceVersionDate "2023.11.12"]
[SourceQuality "1"]

1. e4 e5 2. Bc4 Nf6 3. d3 Bc5 4. h3 Nc6 5. Nc3 Na5 6. Nge2 Nxc4 7. dxc4 d6 8. Qd3 Be6 9. b3 Nd7 10. Be3 a6 11. Bxc5 Nxc5 12. Qe3 0-0 13. g4 c6 14. Rd1 b5 15. f4 Qh4+ 16. Kd2 exf4 17. Nxf4 bxc4 18. Kc1 cxb3 19. axb3 Rfd8 20. g5 Qxg5 21. Rhg1 Qe5 22. h4 f6 23. b4 Nb7 24. h5 Rd7 25. h6 g6 26. Kb2 Bf7 27. Nd3 Qe7 28. Rgf1 Rf8 29. Qd4 Be6 30. Ra1 c5 31. bxc5 dxc5 32. Qe3 Bc4 33. Rfd1 Rfd8 34. Kc1 Bxd3 35. Rxd3 Rxd3 36. cxd3 Qe5 37. Kc2 Nd6 38. Ra5 Nf5 39. Qxc5 Nd4+ 40. Kd1 Qh2 41. Qc4+ Kh8 42. Rd5 Qh1+ 43. Kd2 Qxh6+ 44. Ke1 Nc2+ 45. Ke2 Qh2+ 46. Kf3 Qh3+ 47. Kf2 Rc8 48. Qxa6 Qe3+ 49. Kg2 Qd2+ 50. Ne2 Qxe2+ 51. Kg3 Qe1+ 52. Kh2 Qf2+ 53. Kh3 Qf3+ 54. Kh2 Qf4+ 55. Kh3 Rb8 56. Rf5 Qh6+ 0-1

[Event "Cancun Camara Cup 11th"]
[Site "Cancun"]
[Date "2023.10.15"]
[Round "9"]
[White "Berdayes Ason, Dylan Isidro"]
[Black "Almeida Quintana, Omar"]
[Result "1-0"]
[WhiteElo "2495"]
[BlackElo "2513"]
[PlyCount "71"]
[EventDate "2023.10.11"]
[EventType "swiss"]
[EventRounds "9"]
[EventCountry "MEX"]
[SourceTitle "Mega2024 Update 01"]
[Source "Chessbase"]
[SourceDate "2023.11.12"]
[SourceVersion "1"]
[SourceVersionDate "2023.11.12"]
[SourceQuality "1"]

1. e4 d5 2. exd5 Nf6 3. d4 Nxd5 4. c4 Nf6 5. Nc3 e6 6. Nf3 b6 7. Be2 Bb7 8. 0-0 Nbd7 9. Re1 Be7 10. Bf4 0-0 11. Qc2 h6 12. Rad1 Bd6 13. Ne5 Qe7 14. a3 Rfd8 15. Bg3 a6 16. h3 c5 17. Nxd7 Rxd7 18. Bxd6 Rxd6 19. dxc5 Rxd1 20. Rxd1 Qxc5 21. Qd2 Rc8 22. b4 Qc7 23. Qd6 Qc6 24. Bf1 Qxd6 25. Rxd6 Bc6 26. c5 Ne8 27. Rd2 bxc5 28. Bxa6 Ra8 29. b5 Nc7 30. Rd6 Bxb5 31. Bxb5 Rxa3 32. Rc6 Nxb5 33. Nxb5 Ra1+ 34. Kh2 Rc1 35. Nd6 f5 36. Rc7 1-0

[Event "Cancun Camara Cup 11th"]
[Site "Cancun"]
[Date "2023.10.13"]
[Round "4"]
[White "Garcia De Dios, Jose Antonio"]
[Black "Berdayes Ason, Dylan Isidro"]
[Result "0-1"]
[WhiteElo "2229"]
[BlackElo "2495"]
[PlyCount "94"]
[EventDate "2023.10.11"]
[EventType "swiss"]
[EventRounds "9"]
[EventCountry "MEX"]
[SourceTitle "Mega2024 Update 01"]
[Source "Chessbase"]
[SourceDate "2023.11.12"]
[SourceVersion "1"]
[SourceVersionDate "2023.11.12"]
[SourceQuality "1"]

1. d4 Nf6 2. c4 e6 3. g3 d5 4. Nf3 Bb4+ 5. Bd2 Be7 6. Bg2 0-0 7. 0-0 Nbd7 8. Qc2 c6 9. Rd1 a5 10. Bf4 b6 11. Nbd2 Nh5 12. Be3 Bb7 13. Ne5 Nhf6 14. Ndf3 Rc8 15. Rac1 Nxe5 16. Nxe5 b5 17. cxb5 cxb5 18. Qd3 Qb6 19. Bg5 Rfd8 20. Rxc8 Rxc8 21. Nd7 Nxd7 22. Bxe7 b4 23. Bg5 Ba6 24. Qd2 h6 25. Bf4 Nf6 26. f3 b3 27. axb3 Qxb3 28. Bf1 Rc2 29. Qxa5 Bxe2 30. Rd2 Bxf1 31. Rxc2 Qxc2 32. Kxf1 Qd3+ 33. Kg2 Qe2+ 34. Kg1 Qxf3 35. Qd2 Ne4 36. Qc2 g5 37. Bc1 Nd6 38. b4 Nf5 39. Qd2 Kf8 40. b5 Qb3 41. b6 Qxb6 42. Ba3+ Kg7 43. Bc5 Qb1+ 44. Kg2 Qe4+ 45. Kf2 Qh1 46. Qb4 Qxh2+ 47. Kf3 g4+ 0-1

[Event "Cancun Camara Cup 11th"]
[Site "Cancun"]
[Date "2023.10.11"]
[Round "1"]
[White "Berdayes Ason, Dylan Isidro"]
[Black "Catala Matienzo, Ivette"]
[Result "1-0"]
[WhiteElo "2495"]
[BlackElo "2078"]
[PlyCount "97"]
[EventDate "2023.10.11"]
[EventType "swiss"]
[EventRounds "9"]
[EventCountry "MEX"]
[SourceTitle "Mega2024 Update 01"]
[Source "Chessbase"]
[SourceDate "2023.11.12"]
[SourceVersion "1"]
[SourceVersionDate "2023.11.12"]
[SourceQuality "1"]

1. d4 Nf6 2. c4 e6 3. Nc3 Bb4 4. a3 Bxc3+ 5. bxc3 b6 6. f3 d5 7. cxd5 exd5 8. e3 0-0 9. Bd3 Ba6 10. Ne2 Bxd3 11. Qxd3 Re8 12. 0-0 c5 13. Ng3 Nc6 14. Bb2 c4 15. Qe2 h5 16. Qf2 Qd7 17. Rae1 b5 18. e4 h4 19. Nf5 h3 20. Ng3 hxg2 21. Qxg2 Re6 22. e5 Nh7 23. f4 Rh6 24. f5 Re8 25. Bc1 Rh4 26. e6 Qd8 27. f6 Nxf6 28. Bg5 Rg4 29. Bxf6 gxf6 30. Rf4 Rg7 31. Qh3 fxe6 32. Rxe6 Qd7 33. Rxe8+ Qxe8 34. Kf2 Qd7 35. Qh6 Rh7 36. Qg6+ Rg7 37. Qxf6 Rf7 38. Qg5+ Kf8 39. Qh6+ Kg8 40. Nf5 Qxf5 41. Rxf5 Rxf5+ 42. Ke2 Ne7 43. Qe6+ Kf8 44. h4 Ke8 45. Qh6 Kf7 46. Qh7+ Ke6 47. h5 Rf7 48. Qh8 Nf5 49. Qe5+ 1-0

[Event "Barcelona Sants op 24th"]
[Site "Barcelona"]
[Date "2023.08.27"]
[Round "10"]
[White "Berdayes Ason, Dylan Isidro"]
[Black "Alekseenko, Kirill"]
[Result "1-0"]
[WhiteElo "2480"]
[BlackElo "2675"]
[PlyCount "117"]
[EventDate "2023.08.18"]
[EventType "swiss"]
[EventRounds "10"]
[EventCountry "ESP"]
[SourceTitle "CBM 215 Extra"]
[Source "ChessBase"]
[SourceDate "2023.09.30"]
[SourceVersion "1"]
[SourceVersionDate "2023.09.30"]
[SourceQuality "1"]

1. d4 Nf6 2. c4 e6 3. Nc3 Bb4 4. e3 0-0 5. Bd2 d5 6. Nf3 Nbd7 7. Qc2 Re8 8. Bd3 b6 9. cxd5 exd5 10. a3 Bxc3 11. Bxc3 Ne4 12. 0-0 a5 13. b4 Ba6 14. b5 Bb7 15. Rfc1 Rc8 16. Be1 Kh8 17. Qb3 Re6 18. Ra2 Nd6 19. Rac2 h6 20. a4 Kg8 21. Nd2 Nf6 22. Nf1 Nfe8 23. f3 Qe7 24. Bf2 Rd8 25. Ng3 g6 26. Ne2 Qf6 27. Nf4 Re7 28. Nxd5 Bxd5 29. Qxd5 Rdd7 30. Rc6 Ng7 31. Qb3 Ne6 32. Bf1 Qg7 33. Bg3 h5 34. Be5 Qh6 35. Bxd6 Rxd6 36. Rxd6 cxd6 37. Rc8+ Kh7 38. Qc3 d5 39. f4 h4 40. Qa3 Rd7 41. Be2 Qg7 42. Rc6 Nxd4 43. exd4 Qxd4+ 44. Kf1 Qxf4+ 45. Qf3 Qxh2 46. Qf6 h3 47. Qh4+ Kg7 48. Qxh3 Qf4+ 49. Qf3 Qe5 50. Rxb6 Re7 51. Rc6 Re8 52. g3 d4 53. b6 Re7 54. Ba6 d3 55. Qxd3 Qa1+ 56. Kg2 Qxa4 57. Qc3+ Kh7 58. Rc4 Qa2+ 59. Kh3 1-0